Αθλητικός τουρισμός : διπλωματική εργασία

Αποθηκεύτηκε σε:
Λεπτομέρειες βιβλιογραφικής εγγραφής
Κύριος συγγραφέας: Ματσιούλα, Δανάη
Συγγραφή απο Οργανισμό/Αρχή: Πανεπιστήμιο Αιγαίου Σχολή Επιστημών της Διοίκησης Τμήμα Διοίκησης Επιχειρήσεων - Τ.Δ.Ε
Άλλοι συγγραφείς: Λαγός, Δημήτρης Γ. (Εισηγητής διατριβής)
Μορφή: Thesis Βιβλίο
Γλώσσα:Greek
Δημοσίευση: 2004
Θέματα:
Ετικέτες: Προσθήκη ετικέτας
Δεν υπάρχουν, Καταχωρήστε ετικέτα πρώτοι!

MARC

LEADER 00000cam a2200000 i 4500
001 1/78230
008 050608s2004 gre d
035 |l 10078450 
040 |a GR-MY-UA  |b gre  |e aacr 
041 0 |a gre 
082 0 |a 338.4791  |2 (22) 
100 1 |a Ματσιούλα, Δανάη. 
245 1 0 |a Αθλητικός τουρισμός :   |b διπλωματική εργασία /  |c Ματσιούλα Δανάη ; επιβλέπων καθηγητής Λαγός Δ. 
260 |c 2004 
300 |a 57 σ.;  |c 30 εκ. 
500 |a Υπάρχει ψηφιακό αντίγραφο. 
502 |a Πτυχιακή εργασία - Πανεπιστήμιο Αιγαίου, Χίος, 2004. 
504 |a Περιλαμβάνει βιβλιογραφία 
610 2 0 |a Πανεπιστήμιο Αιγαίου. 
650 0 0 |a Sports and tourism. 
650 0 0 |a Dissertations, Academic  |z Greece. 
700 1 |4 ths  |a Λαγός, Δημήτρης Γ. 
710 1 |a Πανεπιστήμιο Αιγαίου  |b Σχολή Επιστημών της Διοίκησης  |b Τμήμα Διοίκησης Επιχειρήσεων - Τ.Δ.Ε. 
852 |a INST  |b CHIOS  |c DIATR  |e 20050608  |h 338.4791 ΜΑΤ  |p 005200025264  |q 005200025264  |t DIE  |y 23 
852 |a INST  |b CHIOS  |c DIATR  |e 20050608  |h 338.4791 ΜΑΤ  |p 005200025265  |q 005200025265  |t DIE  |y 23 
901 |a BIBL2-2005-2 
909 |a Χ  |b 119099 
909 |a Χ  |b 119100 
924 |a Ματσιούλα  |b Δανάη  |y Χίος  |z 2004-11 
970 |a Βασιλάκη  |b Νίκη  |z 2005/06/08